000 00485nam a22001817a 4500
005 20230318135050.0
008 230318b ||||| |||| 00| 0 eng d
040 _aIN-DiNC
_cIN-DiNC
041 _dasm
082 _a891.2
_bSAR
100 _aSarma, Jogeswar
_eauthor
245 _aKalidas aru tapasya/
_cby Jogeswar Sarma
250 _a1st ed.
260 _aGuwahati:
_bPublication Board Assam,
_c2013.
300 _a235p.
650 _aCultural study on Kalidasa
942 _2ddc
_cBK
999 _c11497
_d11497